| 000 | 00948cam a22003011 4500 | ||
|---|---|---|---|
| 001 | 10300824 | ||
| 003 | ARRUPE | ||
| 005 | 20141219140056.0 | ||
| 008 | 800213s1960 sa 000 0 eng | ||
| 010 | _a 60029862 | ||
| 035 | _a(OCoLC)5981299 | ||
| 040 |
_aDLC _cViBlbV _dDLC |
||
| 042 | _apremarc | ||
| 050 | 0 | 0 |
_aDT779.7 _b.C6 |
| 082 | _a968.05 | ||
| 100 | 1 |
_aCowen, Denis V. _q(Denis Victor) _913363 |
|
| 245 | 1 | 0 |
_aConstitution-making for a democracy _ban alternative to apartheid. |
| 260 |
_a[Johannesburg, _bAnglo American Corp. of South Africa, _c1960] |
||
| 300 |
_a41 p. _c23 cm. |
||
| 500 | _aCover title. | ||
| 500 | _a"Supplement to Optima, March 1960." | ||
| 504 | _aBibliographical footnotes. | ||
| 650 | 0 |
_aCivil rights _zSouth Africa. _913364 |
|
| 651 | 0 |
_aSouth Africa _xForeign relations. _913365 |
|
| 730 | 0 |
_aOptima. Supplement. _913366 |
|
| 906 |
_a7 _bcbc _coclcrpl _du _encip _f19 _gy-gencatlg |
||
| 942 |
_2lcc _cSPC |
||
| 999 |
_c121485 _d121485 |
||